| 000 | 00984cam a2200301 a 4500 | ||
|---|---|---|---|
| 001 | 4225959 | ||
| 003 | OSt | ||
| 005 | 20200421093817.0 | ||
| 008 | 080718s2008 enkabf b 001 0 eng | ||
| 015 |
_aGBA896058 _2bnb |
||
| 016 | 7 |
_a014685620 _2Uk |
|
| 020 | _a9780571242528 (hbk.) | ||
| 020 | _a0571242529 (hbk.) | ||
| 035 | _a(OCoLC)ocn241027852 | ||
| 035 | _a(OCoLC)241027852 | ||
| 040 |
_aUKM _cUKM _dBTCTA _dYDXCP _dBWKUK _dBWK _dCDX _dIXA _dNLE |
||
| 049 | _aNLES | ||
| 050 | 4 |
_aPR6058.E2 _bZ82 2008 |
|
| 082 | 0 | 4 |
_a821.914 _222 |
| 100 | 1 |
_aO'Driscoll, Dennis. _926 |
|
| 245 | 1 | 0 |
_aStepping stones : _binterviews with Seamus Heaney / _cDennis O'Driscoll. |
| 260 |
_aLondon : _bFaber and Faber, _c2008. |
||
| 300 |
_axxx, 524 p., [16] p. of plates : _bill., maps ; _c24 cm. |
||
| 504 | _aIncludes bibliographical references (p. 477-481) and index. | ||
| 600 | 1 | 0 |
_aHeaney, Seamus, _d1939- _vInterviews. _9672 |
| 650 | 0 |
_aPoets, Irish _y20th century _vInterviews. _927 |
|
| 942 |
_2ddc _cBK |
||
| 999 |
_c53 _d53 |
||